Datum a čas kvízu
38
Celkem bodů
Celkový počet nahraných bodů na tomto kvízu bez doplňovacích otázek.
3.
Pořadí na kvízu
Konečné umístění týmu na tomto kvízu.
Zaznamenané odpovědi
| # | Otázka | Odpověď | Body | Výsledky |
|---|---|---|---|---|
| 1. | Poslanci jedné parlamentní str... | 0 | ||
| 2. | Německá kancléřka Angela Merke... | 1 | ||
| 3. | Minulou středu byla ve Valašsk... | 0 | ||
| 4. | Společnost Agrofert opouští po... | 1 | ||
| 5. | Španělský finanční úřad přisto... | 1 | ||
| 22. | Tento živočich z řádu krokodýl... | 1 | ||
| 23. | Několik druhů chameleonů (např... | 1 | ||
| 24. | Jak se nazývá tento živočich?... | 1 | ||
| 25. | Kteří dva herci ztvárnili dvě... | 1 | ||
| 10. | Jedna americká televizní stani... | 0 |